00726 2200205 4500001002100000005001500021035002000036007000300056008004100059020002200100082001300122084001900135100001800154245016500172250004400337260005200381300004600433650001800479700002300497INLIS00000000000443820260311010443 a0010-0326000033ta260311 g 0 ind  a978-602-392-094-5 a306.9598 a306.9598 VIN s0 aVina Salviana1 aSistem Sosial Budaya Indonesia :bEdisi 2 /cVina Salviana, Boedhi Oetojo, Haryanto, Racmad K Dwi Susilo, Bambang Prasetyo (Penulis); Haryanto (Penelaah Materi) aEdisi 2, Cetakan Ketujuh, Februari 2019 aTangerang Selatan :bUniversitas Terbuka,c2019 axii, 485 hlm :bteks , ilustrasi ;c21 cm 4aSosial Budaya0 aBoedhi Oetojo, dkk